{"text_format":"3","workbook":"xls","n_sheets":2,"sheets":["Sheet2","Sheet3"],"read":"whole","date_system":"1900","formulas":"cached_only"}

{"sheet":"Sheet2","index":0,"n_rows":19,"n_cols":10,"rows_kept":19,"merged":[[0,0,0,5],[9,0,9,5]],"flags":["formulas_cached_only"]}
[" 恩施州国投公司航空路149号屋面维修工程量清单"]
["序号","项   目","单 位","数 量","单价（元） ","小计（元）"]
[1,"拆除屋面破旧水泥石棉瓦","㎡",82,{"v":10,"d":"10.00"},{"v":820,"d":"820.00"}]
[2,"拆除旧木方木料，旧雨棚","㎡",82,{"v":5,"d":"5.00"},{"v":410,"d":"410.00"}]
[3,"转运所有拆除木料、石棉瓦、旧雨棚\n（4楼至1楼）","㎡",82,{"v":20,"d":"20.00"},{"v":1640,"d":"1640.00"}]
[4,"安装加厚彩钢瓦斜屋面","㎡",82,{"v":120,"d":"120.00"},{"v":9840,"d":"9840.00"}]
[5,"安装外雨水管","m",15,{"v":50,"d":"50.00"},{"v":750,"d":"750.00"}]
[6,"彩钢瓦接头打专用防水结构胶",{"$nulls":3},{"v":350,"d":"350.00"},"  "]
[7,"合计",{"$nulls":3},{"v":13810,"d":"13810.00"}]
["审核人：                                       审核单位："]
[]
[]
[]
[]
[{"$nulls":7},"                                                                                      "]
[]
[]
[]
[{"$nulls":9},"                                                                                                                                                                        "]

{"sheet":"Sheet3","index":1,"n_rows":0,"n_cols":0,"rows_kept":0,"flags":["formulas_cached_only"]}